000 00217 a2200097 4500
001 47988
100 _aIlahi
245 _aLiving message of Muhammad (PBUH)
260 _aKarachi
_bFerozsons
_c
090 _c30978
_d30978
942 _aNUST-CAE
_cM
_c23311
999 _c283061
_d283061